[Event "DSOL 2021"]
[Site "Germany"]
[Date "2021.03.17"]
[Round "6.3"]
[White "Dieball, Cai"]
[Black "Cuadrado, Guillermo"]
[Result "0-1"]
[WhiteElo "1916"]
[BlackElo "2114"]
[Annotator "TA"]
[PlyCount "66"]
[EventDate "2021.01.18"]
[EventType "team-tourn"]
[EventCountry "GER"]
[SourceTitle "playchess.com"]
[Source "ChessBase"]
[SourceQuality "1"]

1. d4 g6 2. c4 Bg7 3. Nc3 c5 4. d5 Bxc3+ 5. bxc3 f5 6. Nf3 Qa5 7. Qc2 d6 8. g3 Nd7 9. Bg2 Ngf6 10. O-O Nb6 11. Nd2 Qa4 12. Qb3 Bd7 13. Re1 O-O-O 14. Rb1 Rde8 15. e4 e5 16. f3 f4 17. g4 g5 18. h3 h5 19. Kf2 hxg4 20. hxg4 Qa6 21. Rg1 Ba4 22. Qb2 Re7 23. Bf1 Reh7 24. Be2 Nfd7 25. Qa3 Nf8 26. Bb2 Ng6 27. Bd1 Rh2+ 28. Rg2 Nxc4 29. Nxc4 Qxc4 30. Qxa4 Qd3 31. Qc2 Qe3+ 32. Kf1 Rh1+ 33. Rg1 Rxg1# 0-1

[Event "DSOL 2021"]
[Site "Germany"]
[Date "2021.03.19"]
[Round "6.3"]
[White "Fenski, Matthias"]
[Black "Otto, Andreas"]
[Result "1-0"]
[WhiteElo "1913"]
[BlackElo "2108"]
[Annotator "NA"]
[PlyCount "63"]
[EventDate "2021.01.18"]
[EventType "team-tourn"]
[EventCountry "GER"]
[SourceTitle "playchess.com"]
[Source "ChessBase"]
[SourceQuality "1"]
[WhiteTeam "Lübecker SV"]
[BlackTeam "SG Turm Leipzig I"]

1. c4 Nf6 2. g3 c5 3. Bg2 d5 4. cxd5 Nxd5 5. Nc3 Nc7 6. e3 e5 7. Nge2 Nc6 8. O-O Be7 9. f4 exf4 10. Nxf4 O-O 11. b3 Rb8 12. Bb2 Ne5 13. Ncd5 Bd6 14. Nxc7 Bxc7 15. Rc1 b6 16. d4 Ng4 17. Qf3 cxd4 18. exd4 Nf6 19. Nh5 Nxh5 20. Qxh5 Bb7 21. d5 Ba6 22. Be4 h6 23. Qg4 f6 24. Qg6 Rf7 25. Qh7+ Kf8 26. Rfe1 Bd6 27. Qh8+ Ke7 28. Bg6+ Be5 29. Qxd8+ Rxd8 30. Bxe5 fxe5 31. Rc7+ Kf6 32. Bxf7 1-0

[Event "DSOL 2021"]
[Site "Germany"]
[Date "2021.03.15"]
[Round "6.3"]
[White "Barskij, Aleksandr"]
[Black "Gehrmann, Rudolf-Rainer"]
[Result "1-0"]
[WhiteElo "1887"]
[BlackElo "2012"]
[Annotator "TA"]
[PlyCount "155"]
[EventDate "2021.01.18"]
[EventType "team-tourn"]
[EventCountry "GER"]
[SourceTitle "playchess.com"]
[Source "ChessBase"]
[SourceQuality "1"]

1. e4 c5 2. Nc3 Nc6 3. Bb5 g6 4. Bxc6 bxc6 5. f4 Bg7 6. Nf3 Ba6 7. d3 Nf6 8. O-O O-O 9. e5 Nd5 10. Ne4 c4 11. Nc5 cxd3 12. Nxa6 Qb6+ 13. Kh1 Qxa6 14. Qxd3 Qxd3 15. cxd3 Rab8 16. b3 f6 17. Bd2 Nb4 18. d4 a5 19. Bc3 Rb5 20. a4 Rb7 21. Nd2 fxe5 22. fxe5 Ra8 23. Nc4 Rbb8 24. Rab1 Bf8 25. Rf3 e6 26. h3 Rd8 27. Rbf1 Re8 28. Rf7 Re7 29. R7f3 Rg7 30. Kh2 Be7 31. Nb6 Rd8 32. Nc4 Ra8 33. Nb6 Ra7 34. Nc4 h6 35. g4 Ra8 36. Bd2 g5 37. Nb6 Rd8 38. Nc4 Ra8 39. Nb6 Rd8 40. Kg3 c5 41. Bxb4 cxb4 42. Nc4 Ra8 43. Rd1 Bd8 44. d5 exd5 45. Rxd5 Ra6 46. Rfd3 Ra7 47. Nd6 Bc7 48. Nf5 Rh7 49. Kg2 Kf8 50. Rxd7 Bxe5 51. Rxh7 Rxh7 52. Rd8+ Kf7 53. Rd7+ Kg8 54. Rxh7 Kxh7 55. Kf3 Kg6 56. Ke4 Bc7 57. Kd5 h5 58. Kc6 Bd8 59. Nd6 hxg4 60. hxg4 Kf6 61. Nb7 Be7 62. Nxa5 Ke5 63. Nb7 Kf4 64. a5 Bf6 65. Kd5 Kxg4 66. a6 Kh3 67. a7 g4 68. a8=Q g3 69. Qc8+ Kh2 70. Qf8 Bc3 71. Qh6+ Kg1 72. Qc1+ Kh2 73. Ke4 g2 74. Qf4+ Kh3 75. Qf3+ Kh2 76. Qh5+ Kg1 77. Kf3 Bd4 78. Qh3 1-0

[Event "DSOL 2021"]
[Site "Germany"]
[Date "2021.03.16"]
[Round "6.3"]
[White "Stirnberg, Noah"]
[Black "Luig, Benjamin"]
[Result "1-0"]
[WhiteElo "1869"]
[BlackElo "1871"]
[Annotator "NA RC"]
[PlyCount "105"]
[EventDate "2021.01.18"]
[EventType "team-tourn"]
[EventCountry "GER"]
[SourceTitle "playchess.com"]
[Source "ChessBase"]
[SourceQuality "1"]

1. e4 c6 2. d4 d5 3. Nd2 dxe4 4. Nxe4 Bf5 5. Ng3 Bg6 6. Nf3 Nd7 7. h4 h6 8. Bd3 Bxd3 9. Qxd3 e6 10. Bf4 Qa5+ 11. c3 Ngf6 12. O-O Be7 13. Rfe1 Nh5 14. Nxh5 Qxh5 15. Be5 O-O 16. Qe4 Nf6 17. Qc2 Rac8 18. Rad1 Rfd8 19. Bg3 Ng4 20. Qb3 Qb5 21. Qxb5 cxb5 22. d5 e5 23. Nxe5 Nxe5 24. Rxe5 Bd6 25. Re3 Bxg3 26. Rxg3 Kf8 27. Rgd3 Rd6 28. g3 Re8 29. R1d2 Re5 30. f4 Re4 31. Kf2 Ke7 32. Kf3 Re1 33. Re3+ Rxe3+ 34. Kxe3 Rg6 35. Kf3 h5 36. Re2+ Kd6 37. Re5 Rh6 38. Ke4 Rg6 39. Rg5 a5 40. Rxg6+ fxg6 41. Kd4 b6 42. b4 a4 43. a3 Kd7 44. Ke5 Ke7 45. d6+ Kd7 46. Kd5 Kd8 47. Ke6 Ke8 48. d7+ Kd8 49. Kd6 g5 50. hxg5 h4 51. gxh4 g6 52. h5 gxh5 53. g6 1-0

[Event "DSOL 2021"]
[Site "Germany"]
[Date "2021.03.16"]
[Round "6.3"]
[White "Belikan, Thomas"]
[Black "Kreutz, Herbert"]
[Result "0-1"]
[WhiteElo "1846"]
[BlackElo "1854"]
[Annotator "NA RC"]
[PlyCount "56"]
[EventDate "2021.01.18"]
[EventType "team-tourn"]
[EventCountry "GER"]
[SourceTitle "playchess.com"]
[Source "ChessBase"]
[SourceQuality "1"]

1. e4 c6 2. Nf3 d5 3. Nc3 Bg4 4. h3 Bxf3 5. Qxf3 e6 6. Be2 Nf6 7. d3 d4 8. Nb1 e5 9. O-O Nbd7 10. a4 a5 11. Qg3 b5 12. Na3 Qb6 13. axb5 cxb5 14. f4 Bd6 15. fxe5 Bxe5 16. Bf4 Bxf4 17. Rxf4 O-O 18. Rf5 Nxe4 19. Qh4 Nd6 20. Rf4 Rae8 21. Bf3 b4 22. Nb1 b3 23. cxb3 Qxb3 24. Qf2 Ne5 25. Qxd4 Nxf3+ 26. Rxf3 Re1+ 27. Kh2 Qb8 28. Rg3 Nf5 0-1

[Event "DSOL 2021"]
[Site "Germany"]
[Date "2021.03.16"]
[Round "6.3"]
[White "Racik, Marek"]
[Black "Placke, Jens"]
[Result "0-1"]
[WhiteElo "1836"]
[BlackElo "1557"]
[Annotator "NA RC"]
[PlyCount "64"]
[EventDate "2021.01.18"]
[EventType "team-tourn"]
[EventCountry "GER"]
[SourceTitle "playchess.com"]
[Source "ChessBase"]
[SourceQuality "1"]

1. Nf3 d5 2. g3 g6 3. Bg2 Bg7 4. d4 Nf6 5. c4 O-O 6. cxd5 Nxd5 7. e4 Nb6 8. O-O Bg4 9. Be3 Nc6 10. e5 Qd7 11. Nbd2 Nb4 12. a3 N4d5 13. Rc1 Nxe3 14. fxe3 c6 15. Ne4 Bh6 16. Qb3 Qd5 17. Qd3 Bf5 18. Nh4 Qb5 19. Qxb5 Bxe3+ 20. Kh1 cxb5 21. Rc7 Be6 22. Rxe7 Nd5 23. Rxb7 Bxd4 24. Rxb5 Rab8 25. Rxb8 Rxb8 26. Ng5 Ne3 27. Rf4 Nxg2 28. Kxg2 Rxb2+ 29. Kf1 Bc4+ 30. Ke1 Bc3+ 31. Kd1 Bb3+ 32. Kc1 Ra2 0-1

[Event "DSOL 2021"]
[Site "Germany"]
[Date "2021.03.19"]
[Round "6.3"]
[White "Lapin, Oleg"]
[Black "Micheel, Bernd"]
[Result "1-0"]
[WhiteElo "1832"]
[BlackElo "1620"]
[Annotator "NA"]
[PlyCount "75"]
[EventDate "2021.01.18"]
[EventType "team-tourn"]
[EventCountry "GER"]
[SourceTitle "playchess.com"]
[Source "ChessBase"]
[SourceQuality "1"]
[WhiteTeam "Rochade Augsburg"]
[BlackTeam "Stader SV"]

1. e4 c5 2. Nf3 Nc6 3. d4 cxd4 4. Nxd4 Nf6 5. Nc3 e5 6. Ndb5 d6 7. f3 a6 8. Na3 b5 9. Nd5 Be7 10. Be3 Rb8 11. Qd2 Be6 12. O-O-O Bxd5 13. exd5 Na5 14. g4 Qc7 15. Qb4 O-O 16. h4 Rfc8 17. g5 Nd7 18. h5 Nc5 19. g6 f5 20. gxh7+ Kh8 21. Bh3 Rf8 22. Rh2 Nab7 23. Rg2 f4 24. Bf2 Bf6 25. Kb1 Na4 26. Rdg1 Nbc5 27. Rg6 a5 28. Qe1 Nxb2 29. Kxb2 e4+ 30. Rxf6 Rxf6 31. Bd4 b4 32. Nc4 a4 33. h6 b3 34. hxg7+ Kxh7 35. Qh4+ Rh6 36. Bf5+ Kg8 37. Qxh6 bxa2+ 38. Kxa2 1-0

[Event "DSOL 2021"]
[Site "Germany"]
[Date "2021.03.15"]
[Round "6.3"]
[White "Werner, Rene"]
[Black "Born, Bernd-Ludger"]
[Result "1-0"]
[WhiteElo "1832"]
[BlackElo "2043"]
[Annotator "TA"]
[PlyCount "95"]
[EventDate "2021.01.18"]
[EventType "team-tourn"]
[EventCountry "GER"]
[SourceTitle "playchess.com"]
[Source "ChessBase"]
[SourceQuality "1"]

1. c4 c5 2. g3 Nc6 3. Bg2 g6 4. Nf3 Bg7 5. O-O d6 6. Nc3 e5 7. d3 Nge7 8. Bd2 O-O 9. a3 Rb8 10. Rb1 f5 11. e3 Bd7 12. b4 b6 13. b5 Na5 14. Ne2 Nb7 15. Bc3 Qc7 16. Qb3 Nd8 17. Rbc1 h6 18. Rfd1 Ne6 19. Qb2 Kh7 20. Nd2 Bc8 21. Nb3 Bb7 22. Bxb7 Qxb7 23. d4 Qf3 24. dxe5 Ng5 25. Nf4 Ne4 26. exd6 Bxc3 27. Qe2 Qxe2 28. Nxe2 Nxd6 29. Rxd6 Bb2 30. Rcd1 Bxa3 31. Ra1 Bb2 32. Rxa7 Rf7 33. Rdd7 Bf6 34. Nf4 Rg7 35. Ne6 Rf7 36. Nd2 Kg8 37. Nf3 Rh7 38. Nh4 Kf7 39. Nd8+ Ke8 40. Nc6 Nxc6 41. bxc6 Rxd7 42. cxd7+ Kd8 43. Nxg6 b5 44. cxb5 c4 45. Nf4 c3 46. Ne6+ Ke7 47. d8=Q+ Kxe6 48. Qxb8 1-0

[Event "DSOL 2021"]
[Site "Germany"]
[Date "2021.03.16"]
[Round "6.3"]
[White "Genov, Valentin"]
[Black "Kaiser, Sebastian"]
[Result "1-0"]
[WhiteElo "1826"]
[BlackElo "1943"]
[Annotator "TA"]
[PlyCount "55"]
[EventDate "2021.01.18"]
[EventType "team-tourn"]
[EventCountry "GER"]
[SourceTitle "playchess.com"]
[Source "ChessBase"]
[SourceQuality "1"]

1. d4 d5 2. c4 c6 3. Nc3 Nf6 4. Nf3 dxc4 5. a4 Bf5 6. e3 e6 7. Bxc4 Nbd7 8. O-O Bb4 9. Bd3 Bxd3 10. Qxd3 O-O 11. Bd2 Re8 12. Ne4 Be7 13. b4 Nxe4 14. Qxe4 Nf6 15. Qc2 Qd5 16. Rab1 Rac8 17. Rfc1 Qe4 18. Qb2 Qf5 19. Ne5 Ne4 20. Be1 Red8 21. f3 Nd6 22. e4 Qh5 23. Rc5 Ne8 24. Ra5 Qh6 25. Bd2 Qh4 26. Rxa7 Rc7 27. b5 c5 28. Ba5 1-0

[Event "DSOL 2021"]
[Site "Germany"]
[Date "2021.03.16"]
[Round "6.3"]
[White "Helbig, Edgar"]
[Black "Veith, Stefan"]
[Result "1-0"]
[WhiteElo "1818"]
[BlackElo "1889"]
[Annotator "NA RC"]
[PlyCount "95"]
[EventDate "2021.01.18"]
[EventType "team-tourn"]
[EventCountry "GER"]
[SourceTitle "playchess.com"]
[Source "ChessBase"]
[SourceQuality "1"]

1. d4 f5 2. Nf3 Nf6 3. Bf4 g6 4. e3 Bg7 5. Be2 O-O 6. Nc3 d6 7. h4 c6 8. Nd2 h6 9. a4 Na6 10. Bc4+ d5 11. Bxa6 bxa6 12. Nf3 Nd7 13. a5 Re8 14. O-O e5 15. Bxe5 Nxe5 16. dxe5 Bxe5 17. Nxe5 Rxe5 18. Qd4 Qe7 19. b3 Rb8 20. Qf4 Kg7 21. Ra4 Bd7 22. Rd4 g5 23. Qg3 Rg8 24. hxg5 hxg5 25. Rh4 Rh8 26. Rxh8 Kxh8 27. Na4 Re4 28. Qc7 Be8 29. Qxe7 Rxe7 30. Nc5 Kg7 31. Nxa6 Rb7 32. Rd1 Kf6 33. f4 g4 34. Kf2 Ke7 35. Rh1 Rb5 36. b4 Bd7 37. c3 Kd8 38. Rh7 Bc8 39. Rxa7 Bxa6 40. Rxa6 Kc7 41. Ra7+ Kb8 42. Rf7 c5 43. Rxf5 cxb4 44. cxb4 Rxb4 45. Rxd5 Rb2+ 46. Kg3 Re2 47. Re5 Ka7 48. f5 1-0

[Event "DSOL 2021"]
[Site "Germany"]
[Date "2021.03.16"]
[Round "6.3"]
[White "Gaertner, Lars-Florian"]
[Black "Moeller, Maurin"]
[Result "1/2-1/2"]
[WhiteElo "1799"]
[BlackElo "1627"]
[Annotator "NA RC"]
[PlyCount "133"]
[EventDate "2021.01.18"]
[EventType "team-tourn"]
[EventCountry "GER"]
[SourceTitle "playchess.com"]
[Source "ChessBase"]
[SourceQuality "1"]

1. e4 e5 2. Nf3 Nf6 3. d4 exd4 4. e5 Ne4 5. Qxd4 d5 6. exd6 Nxd6 7. Nc3 Nc6 8. Qf4 Be6 9. Bd3 Be7 10. Bd2 a5 11. a3 Bf6 12. O-O-O O-O 13. h4 Nb4 14. axb4 axb4 15. Nb1 c5 16. Be3 Ra1 17. Bxc5 Qa5 18. Qxb4 Qa2 19. c3 Bf5 20. Bxf5 Nxf5 21. Kc2 Re8 22. Rd2 Qa6 23. Rhd1 Ra4 24. Qb3 Rae4 25. Rd7 Re2+ 26. R1d2 Rxd2+ 27. Nbxd2 Nh6 28. Rxb7 Qc6 29. Rb8 Kh8 30. Rd8 Rxd8 31. Be3 Ng4 32. Qxf7 Nxe3+ 33. fxe3 Qa4+ 34. Qb3 Qg4 35. Qc4 Qxg2 36. Qf1 Qg4 37. Qc4 Qh5 38. Qf4 h6 39. b4 Qf7 40. Nd4 Qa2+ 41. Kd3 Rc8 42. Ne4 Qb1+ 43. Kd2 Ra8 44. Nc2 Ra2 45. Qb8+ Kh7 46. Nxf6+ Kg6 47. Qe8+ Kxf6 48. Qc6+ Kf5 49. Qf3+ Kg6 50. Qg4+ Kf7 51. Qf5+ Kg8 52. Qe6+ Kf8 53. Qc8+ Ke7 54. Qc7+ Ke6 55. Qc8+ Ke5 56. Qc5+ Ke4 57. Qd4+ Kf3 58. Qf4+ Kg2 59. Qe4+ Kh3 60. Qf5+ Kxh4 61. Qf4+ Kh5 62. Qf7+ g6 63. Qf3+ Kg5 64. Qf4+ Kh5 65. Qf3+ Kh4 66. Qf4+ Kh5 67. Qf3+ 1/2-1/2

[Event "DSOL 2021"]
[Site "Germany"]
[Date "2021.03.17"]
[Round "6.3"]
[White "Fehling, Michael"]
[Black "Schaefer, Konstantin"]
[Result "1-0"]
[WhiteElo "1778"]
[BlackElo "1754"]
[Annotator "NA RC"]
[PlyCount "53"]
[EventDate "2021.01.18"]
[EventType "team-tourn"]
[EventCountry "GER"]
[SourceTitle "playchess.com"]
[Source "ChessBase"]
[SourceQuality "1"]

1. e4 c5 2. Nf3 Nc6 3. d4 cxd4 4. Nxd4 g6 5. Nc3 Bg7 6. Be3 Nf6 7. Bc4 O-O 8. Bb3 Qa5 9. f3 Nxd4 10. Bxd4 b5 11. e5 Ne8 12. O-O Bb7 13. Nd5 Bxd5 14. Bxd5 Rc8 15. f4 Nc7 16. Bb3 b4 17. a3 a6 18. axb4 Qxb4 19. f5 gxf5 20. Rxf5 Ne6 21. Ra4 Qb5 22. Be3 Kh8 23. Rh4 Bf6 24. Rxh7+ Kg8 25. Qg4+ Bg7 26. Rxg7+ Nxg7 27. Rg5 1-0

[Event "DSOL 2021"]
[Site "Germany"]
[Date "2021.03.18"]
[Round "6.3"]
[White "Bloch, Colin"]
[Black "Hagenbach, Udo"]
[Result "0-1"]
[WhiteElo "1747"]
[BlackElo "1638"]
[Annotator "NA RC"]
[PlyCount "92"]
[EventDate "2021.01.18"]
[EventType "team-tourn"]
[EventCountry "GER"]
[SourceTitle "playchess.com"]
[Source "ChessBase"]
[SourceQuality "1"]

1. e4 c6 2. d4 d5 3. Nc3 dxe4 4. Nxe4 Nf6 5. Ng3 h5 6. h4 Bg4 7. Be2 Qc7 8. Nh3 e6 9. Ng5 Nbd7 10. a3 Bd6 11. N3e4 Bf4 12. O-O Nxe4 13. Nxe4 Bf5 14. Bf3 Nf6 15. Nxf6+ gxf6 16. Qe2 O-O-O 17. Rd1 Rdg8 18. Kh1 Bg4 19. c4 Bxf3 20. Qxf3 Rg4 21. d5 Rxh4+ 22. Kg1 Bxc1 23. Raxc1 Qh2+ 24. Kf1 f5 25. g3 Qh1+ 26. Qxh1 Rxh1+ 27. Kg2 Rxd1 28. Rxd1 Rd8 29. d6 c5 30. b4 Kd7 31. Kf3 f6 32. b5 e5 33. a4 Ke6 34. Rd5 b6 35. a5 Rxd6 36. axb6 axb6 37. Rxd6+ Kxd6 38. Ke3 Ke6 39. Kf3 Kf7 40. Ke3 Kg6 41. Ke2 Kg5 42. Kf3 h4 43. gxh4+ Kxh4 44. Ke3 Kg4 45. f3+ Kg3 46. Ke2 f4 0-1

[Event "DSOL 2021"]
[Site "Germany"]
[Date "2021.03.17"]
[Round "6.3"]
[White "Volz, Daniel"]
[Black "Kasims, Stefans"]
[Result "1/2-1/2"]
[WhiteElo "1743"]
[BlackElo "1590"]
[Annotator "NA RC"]
[PlyCount "97"]
[EventDate "2021.01.18"]
[EventType "team-tourn"]
[EventCountry "GER"]
[SourceTitle "playchess.com"]
[Source "ChessBase"]
[SourceQuality "1"]

1. e4 c5 2. Nf3 Nc6 3. d4 cxd4 4. Nxd4 Nf6 5. Nc3 e5 6. Ndb5 d6 7. Bg5 a6 8. Na3 b5 9. Nd5 Be7 10. Bxf6 Bxf6 11. c4 b4 12. Nc2 O-O 13. g3 a5 14. Bg2 Be6 15. O-O Bg5 16. Qd3 Qb8 17. f4 Bd8 18. Kh1 f6 19. Rad1 Ra7 20. b3 Rd7 21. f5 Bf7 22. c5 Kh8 23. Qa6 Ne7 24. Nxe7 Bxe7 25. Qxa5 Ra7 26. Qxb4 dxc5 27. Qxb8 Rxb8 28. Ne3 Rbb7 29. Rf2 c4 30. Nxc4 Bxc4 31. bxc4 Rc7 32. Rc2 Kg8 33. Bf1 Bc5 34. Rd5 Kf7 35. Kg2 Ra3 36. Rd3 Raa7 37. Rb3 Ke7 38. Be2 g6 39. g4 g5 40. Rh3 Kf8 41. Rb2 Bd4 42. Rc2 Ra4 43. c5 Rxc5 44. Rxc5 Bxc5 45. Rxh7 Rxa2 46. Kf3 Ra3+ 47. Kg2 Ra2 48. Kf3 Ra3+ 49. Kg2 1/2-1/2

[Event "DSOL 2021"]
[Site "Germany"]
[Date "2021.03.18"]
[Round "6.3"]
[White "Wilde, Pierre"]
[Black "Guo, Philipp Ziming"]
[Result "1/2-1/2"]
[WhiteElo "1716"]
[BlackElo "1728"]
[Annotator "NA RC"]
[PlyCount "94"]
[EventDate "2021.01.18"]
[EventType "team-tourn"]
[EventCountry "GER"]
[SourceTitle "playchess.com"]
[Source "ChessBase"]
[SourceQuality "1"]

1. d4 Nf6 2. c4 e6 3. g3 c5 4. d5 exd5 5. cxd5 d6 6. Nc3 g6 7. Bg2 Bg7 8. Nf3 O-O 9. O-O Re8 10. Nd2 a6 11. a4 Nbd7 12. h3 Rb8 13. a5 b5 14. axb6 Nxb6 15. Qc2 Nfd7 16. Nde4 Ne5 17. b3 Qc7 18. f4 Ned7 19. Bb2 f5 20. Ng5 Nf6 21. Rfd1 h6 22. Ne6 Bxe6 23. dxe6 Rxe6 24. Rxa6 c4 25. b4 Qd7 26. Ra5 Rd8 27. Kh2 Qe7 28. Rd2 d5 29. Nxd5 Nfxd5 30. Raxd5 Nxd5 31. Rxd5 Re8 32. Bxg7 Rxe2 33. Qxc4 Kxg7 34. Qd4+ Qf6 35. Rd7+ R8e7 36. Rxe7+ Rxe7 37. Qc5 Re6 38. b5 Qe7 39. Qd4+ Kh7 40. b6 Qd6 41. Qxd6 Rxd6 42. b7 Rb6 43. Kg1 Rb2 44. Kf1 Kg7 45. h4 Kf6 46. Ke1 Ke6 47. Kd1 Kd6 1/2-1/2

[Event "DSOL 2021"]
[Site "Germany"]
[Date "2021.03.16"]
[Round "6.3"]
[White "Heydari, Edwin"]
[Black "Erler, Rainer"]
[Result "0-1"]
[WhiteElo "1705"]
[BlackElo "2100"]
[Annotator "TA"]
[PlyCount "42"]
[EventDate "2021.01.18"]
[EventType "team-tourn"]
[EventCountry "GER"]
[SourceTitle "playchess.com"]
[Source "ChessBase"]
[SourceQuality "1"]

1. e4 e5 2. Bc4 Nf6 3. d4 exd4 4. Nf3 Nc6 5. O-O Nxe4 6. Nc3 Nd6 7. Nd5 Nxc4 8. Qe2+ Be7 9. Qxc4 O-O 10. Bf4 d6 11. Nxe7+ Qxe7 12. Nxd4 Nxd4 13. Qxd4 Be6 14. Rfe1 Qd7 15. Rad1 Rfe8 16. Re3 Bf5 17. Rg3 f6 18. Bh6 Bg6 19. Bf4 Qf7 20. Rc3 Re2 21. Rd2 Re1# 0-1

[Event "DSOL 2021"]
[Site "Germany"]
[Date "2021.03.15"]
[Round "6.3"]
[White "Voleske, Peter"]
[Black "Lange, Martin"]
[Result "1-0"]
[WhiteElo "1679"]
[BlackElo "1844"]
[Annotator "NA RC"]
[PlyCount "183"]
[EventDate "2021.01.18"]
[EventType "team-tourn"]
[EventCountry "GER"]
[SourceTitle "playchess.com"]
[Source "ChessBase"]
[SourceQuality "1"]

1. c4 Nf6 2. d4 g6 3. Nf3 Bg7 4. g3 O-O 5. Bg2 d5 6. cxd5 Nxd5 7. O-O Nb6 8. Nc3 Nc6 9. e3 Na5 10. Qe2 c6 11. Rd1 Nd5 12. e4 Nxc3 13. bxc3 b6 14. Be3 Bb7 15. Rac1 Rc8 16. e5 e6 17. Ng5 Qe7 18. Ne4 f6 19. Nd6 Rcd8 20. Nxb7 Qxb7 21. exf6 Bxf6 22. Re1 Rfe8 23. Bf4 Qd7 24. h4 b5 25. h5 g5 26. Be5 Bxe5 27. Qxe5 Qg7 28. Qc5 Qe7 29. Qe5 Qg7 30. Qxg7+ Kxg7 31. Re5 Kf6 32. Rc5 Rd6 33. Re1 Re7 34. Ree5 h6 35. Re2 a6 36. f4 gxf4 37. Rf2 Rg7 38. Rxf4+ Ke7 39. Kh2 Rf7 40. Rxf7+ Kxf7 41. Kh3 Kf6 42. Kh4 Kg7 43. g4 Kf6 44. Be4 Kg7 45. g5 hxg5+ 46. Kxg5 Kh8 47. h6 Kg8 48. Kh5 Kh8 49. Rg5 Nc4 50. h7 Rd8 51. Kh6 Nd6 52. Bg6 Rf8 53. Rc5 Nf5+ 54. Bxf5 exf5 55. Rxc6 f4 56. Rg6 f3 57. Rg1 f2 58. Rf1 Rf6+ 59. Kg5 Rc6 60. Rxf2 Kxh7 61. Rf3 a5 62. Kf4 Kg6 63. Ke4 b4 64. cxb4 axb4 65. Rb3 Ra6 66. Rb2 Kf6 67. Kd5 Kf5 68. Re2 Ra3 69. Kc4 Kf4 70. Kxb4 Rd3 71. Kc4 Rd1 72. d5 Kf3 73. Rb2 Ke4 74. Rb5 Ke5 75. a4 Kd6 76. Rb6+ Kc7 77. Rc6+ Kd7 78. Kc5 Rc1+ 79. Kb5 Rb1+ 80. Ka6 Rd1 81. Rc5 Rh1 82. Rb5 Rh6+ 83. Rb6 Rh4 84. a5 Rd4 85. Rb5 Kc7 86. Ka7 Rh4 87. Rb6 Rh5 88. d6+ Kd7 89. a6 Rh8 90. Kb7 Rh7 91. a7 Kd8+ 92. Ka6 1-0

[Event "DSOL 2021"]
[Site "Germany"]
[Date "2021.03.19"]
[Round "6.3"]
[White "Hobmeier, Luis"]
[Black "Bauer, Norbert"]
[Result "1-0"]
[WhiteElo "1647"]
[BlackElo "2054"]
[Annotator "NA"]
[PlyCount "105"]
[EventDate "2021.01.18"]
[EventType "team-tourn"]
[EventCountry "GER"]
[SourceTitle "playchess.com"]
[Source "ChessBase"]
[SourceQuality "1"]
[WhiteTeam " SC Moosburg"]
[BlackTeam "SAV Torgelow I"]

1. e4 c5 2. Nf3 Nc6 3. d4 cxd4 4. Nxd4 Nf6 5. Nc3 e5 6. Ndb5 d6 7. Bg5 a6 8. Na3 b5 9. Nd5 Be7 10. Bxf6 Bxf6 11. c3 Rb8 12. Nc2 Bg5 13. Be2 O-O 14. Bg4 Bb7 15. Nce3 Bxe3 16. Nxe3 Ne7 17. Qd3 d5 18. exd5 Nxd5 19. Rd1 Nf4 20. Qxd8 Rfxd8 21. O-O h5 22. Bf5 g6 23. Bc2 Kf8 24. f3 Ke7 25. Kf2 a5 26. h4 b4 27. g3 Nd5 28. Bb3 Nxe3 29. Kxe3 bxc3 30. bxc3 Ba6 31. Rxd8 Rxd8 32. Rc1 Rd3+ 33. Ke4 f5+ 34. Kxe5 Rxf3 35. Re1 Rd3 36. Kf4+ Kd7 37. Rd1 Rxd1 38. Bxd1 Bc4 39. a3 Kd6 40. Kg5 Bd3 41. Bb3 Ke7 42. Bd5 a4 43. Bc6 Bc2 44. Bb5 Kd6 45. Be8 Kc5 46. Bf7 Bd3 47. Bxg6 Kc4 48. Bxh5 Kxc3 49. Be8 Kb3 50. h5 Kxa3 51. h6 f4 52. gxf4 Kb4 53. Bxa4 1-0

[Event "DSOL 2021"]
[Site "Germany"]
[Date "2021.03.18"]
[Round "6.3"]
[White "Melde, Christian"]
[Black "Klotzbuecher, Robin"]
[Result "1/2-1/2"]
[WhiteElo "1624"]
[BlackElo "1583"]
[Annotator "NA RC"]
[PlyCount "133"]
[EventDate "2021.01.18"]
[EventType "team-tourn"]
[EventCountry "GER"]
[SourceTitle "playchess.com"]
[Source "ChessBase"]
[SourceQuality "1"]

1. Nf3 d5 2. d4 e6 3. e3 Nf6 4. Bd3 c5 5. O-O Nbd7 6. b3 Be7 7. Bb2 O-O 8. Nbd2 b6 9. Ne5 Bb7 10. Qf3 Qc7 11. Qh3 h6 12. Rac1 Ne4 13. Nxe4 dxe4 14. Bc4 Nxe5 15. dxe5 Bd5 16. Bxd5 exd5 17. c4 Rad8 18. cxd5 Rxd5 19. Qf5 Rd2 20. Bc3 Rxa2 21. Rfd1 Rd8 22. Qxe4 Qc8 23. g3 Qe6 24. Rxd8+ Bxd8 25. Rd1 Be7 26. Qa8+ Kh7 27. Qe8 Qxb3 28. Rf1 Bg5 29. h4 Bxe3 30. e6 fxe6 31. h5 Qc2 32. Qg6+ Qxg6 33. hxg6+ Kxg6 34. fxe3 Rc2 35. Be5 Rd2 36. Ra1 Rd7 37. Kf2 Kf5 38. Bb8 a5 39. Kf3 Rb7 40. g4+ Kf6 41. Bd6 Rd7 42. Bb8 c4 43. Ke4 Rd5 44. Rb1 b5 45. Rf1+ Kg5 46. Be5 g6 47. Bf4+ Kxg4 48. Rg1+ Kh5 49. Rh1+ Kg4 50. Rxh6 g5 51. Rxe6 Rf5 52. Be5 Rf1 53. Kd4 a4 54. Kc5 Rb1 55. Bc3 Rb3 56. Bb4 Kf3 57. Kxb5 Rxe3 58. Rf6+ Ke2 59. Kxc4 g4 60. Bc5 Rf3 61. Re6+ Kf1 62. Kb4 a3 63. Ra6 g3 64. Rxa3 Rxa3 65. Kxa3 g2 66. Kb3 g1=Q 67. Bxg1 1/2-1/2

[Event "DSOL 2021"]
[Site "Germany"]
[Date "2021.03.17"]
[Round "6.3"]
[White "Heidt, Viktor"]
[Black "Delacor, Marcus"]
[Result "1/2-1/2"]
[WhiteElo "1620"]
[BlackElo "1620"]
[Annotator "NA"]
[PlyCount "98"]
[EventDate "2021.01.18"]
[EventType "team-tourn"]
[EventCountry "GER"]
[SourceTitle "playchess.com"]
[Source "ChessBase"]
[SourceQuality "1"]

1. c4 e5 2. Nc3 Nf6 3. Nf3 Nc6 4. e3 d5 5. cxd5 Nxd5 6. Bb5 Qd6 7. d4 exd4 8. exd4 Be7 9. O-O O-O 10. Re1 Be6 11. a3 Nxc3 12. bxc3 Bd5 13. Be3 a6 14. Be2 Na5 15. Ne5 f6 16. Nd3 Nc4 17. Bf4 Qd7 18. Bg4 f5 19. Bf3 Rae8 20. Qb3 Nb6 21. Bxd5+ Qxd5 22. Rab1 Qxb3 23. Rxb3 Nd5 24. Rxb7 Nxf4 25. Nxf4 Bb4 26. Rd1 Bxc3 27. d5 Rb8 28. Rxc7 Be5 29. Rc4 Rfd8 30. g3 Rb5 31. a4 Ra5 32. Ng2 Raxd5 33. Rxd5 Rxd5 34. Ne3 Rd3 35. Nxf5 g6 36. Ne3 Bd4 37. Rc8+ Kf7 38. Ra8 Bxe3 39. fxe3 Rxe3 40. Rxa6 Ra3 41. g4 Ra2 42. h4 Rc2 43. Ra7+ Kf6 44. Rxh7 Rc4 45. g5+ Kf5 46. a5 Ra4 47. Rf7+ Kg4 48. Rf6 Rxa5 49. Rxg6 Kxh4 1/2-1/2

[Event "DSOL 2021"]
[Site "Germany"]
[Date "2021.03.17"]
[Round "6.3"]
[White "Radjenovic, Branko"]
[Black "Muntzke, Bernd"]
[Result "0-1"]
[WhiteElo "1620"]
[BlackElo "1485"]
[Annotator "NA RC"]
[PlyCount "91"]
[EventDate "2021.01.18"]
[EventType "team-tourn"]
[EventCountry "GER"]
[SourceTitle "playchess.com"]
[Source "ChessBase"]
[SourceQuality "1"]

1. d4 d5 2. Nf3 Nf6 3. c4 c6 4. e3 Bg4 5. Nbd2 e6 6. Be2 Bd6 7. O-O O-O 8. Qb3 Qc7 9. h3 Bh5 10. Re1 Nbd7 11. c5 Be7 12. Qc2 Bg6 13. Bd3 Bxd3 14. Qxd3 e5 15. Nh2 e4 16. Qc2 b6 17. b4 a5 18. Ba3 axb4 19. Bxb4 bxc5 20. dxc5 Ne5 21. Bc3 Nd3 22. Reb1 Nxf2 23. Nb3 Nd3 24. a4 Nh5 25. Ng4 f5 26. Nf2 Nxf2 27. Qxf2 f4 28. Bd4 f3 29. g4 Ng3 30. Nc1 Bh4 31. Rb2 Ne2+ 32. Rxe2 Bxf2+ 33. Rxf2 Qg3+ 34. Kf1 Qxh3+ 35. Ke1 Qh1+ 36. Rf1 f2+ 37. Ke2 Qf3+ 38. Kd2 Qxg4 39. a5 Ra6 40. Nb3 Qf3 41. Ra2 g5 42. Kc3 g4 43. Nd2 Qe2 44. Kb3 g3 45. Rc1 Rb8+ 46. Ka3 0-1